Score 0/45 Timer 10:00
2 Plays Today
% Correct
Mìcheal
93.7%
Raibeart
93.4%
Beitris
93.2%
Pàdraig
93.2%
Tàmhas
93.2%
Pàl
93%
Aileas
93%
Griogair
92.9%
Artair
92.9%
Iseabail
92.8%
Dàibhidh
92.5%
Eideard
92.5%
Steafan
92.4%
Barabal
92.4%
Uilleam
92.3%
Eilionoir
91.4%
Neacel
91.1%
Caitrìona
91%
Cairistìona
90.3%
Peadar
89.7%
Goraidh
89.5%
Calum
89.4%
Liùsaidh
89.2%
% Correct
Lileas
89.1%
Mairead
86.8%
Aindrea
85.7%
Labhrainn
85.2%
Alasdair
85.2%
Ealasaid
84.3%
Filib
78.1%
Eanraig
77.8%
Sachairi
76%
Frangag
75.9%
Marsaili
74.9%
Seumas
67.2%
Seoc
66%
Eoin
65.1%
Frang
60.1%
Ualan
57.1%
Seòsaidh
51.3%
Sìleas
45.4%
Bhàtair
41.2%
Seonag
32.1%
Deòrsa
21.5%
Amhlaidh
19.7%
Remove Ads.
Support Sporcle.
Get the best of Sporcle when you Go Orange. This ad-free experience offers more features, more stats, and more fun while also helping to support Sporcle. Thank you for becoming a member.

You're not logged in!

Compare scores with friends on all Sporcle quizzes.
OR
Log In

Show Comments

Extras

Top Quizzes Today


Score Distribution

Your Account Isn't Verified!

In order to create a playlist on Sporcle, you need to verify the email address you used during registration. Go to your Sporcle Settings to finish the process.

Report this User

Report this user for behavior that violates our Community Guidelines.

Details: